• 首页
  • 本馆介绍
  • 公告通知
  • 最新文献
  • 馆藏检索
  • 电子资源
  • 读者导购
  • 参考咨询
  • 我的图书馆
  • 登录
  • 详细信息显示
  • 放入我的书架
  • 预约/预借图书
  • 作者相关作品
  • 分类相关作品
  • 丛书相关作品
  • 出版社相关作品

书目信息

  • 表格格式
  • 工作单格式
  • 卡片格式
题名:
图书版面的文字设计
    
 
作者: 王汀 , 张力平 编著
分册:  
出版信息: 广州   广东人民出版社  2004
页数: 156页
开本: 26cm
丛书名:
单 册:
中图分类: TS881
科图分类:
主题词: 版面--文字--设计
电子资源:
ISBN: 7-218-04518-9
000 00782nam0 2200229 45
001 002668386
005 20050111093437.5
010    @a7-218-04518-9@dCNY29.80
100    @a20040514d2004 em y0chiy0110 ea
101 0  @achi
102    @aCN@b440000
105    @aa z 000yy
200 1  @a图书版面的文字设计@Atu shu ban mian di wen zi she ji@f王汀,张力平编著@FWang Ting,Zhang Li Ping Bian Zhu
210    @a广州@c广东人民出版社@d2004
215    @a156页@c图@d26cm
330    @a本书收集了国内外前卫设计师对文字编排的情感处理优秀范例,具体章节包括:图书版面的文字魅力、版面文字的装饰语境、封面扉页的人文景观等。
606 0  @a版面@x文字@x设计
690    @aTS881@v4
701  0 @a王汀@4编著
701  0 @a张力平@4编著
801  0 @aCN@bNLC@c20040712
905    @b341898-900@dTS881@e34@f3
    
    图书版面的文字设计/王汀,张力平编著.-广州:广东人民出版社,2004
    156页:图;26cm
    
    
    ISBN 7-218-04518-9:CNY29.80
    本书收集了国内外前卫设计师对文字编排的情感处理优秀范例,具体章节包括:图书版面的文字魅力、版面文字的装饰语境、封面扉页的人文景观等。
●
相关链接 在E读中查询图书 在五车中查询图书 在当当中查询图书 在豆瓣中查询图书


正题名:图书版面的文字设计     索取号:TS881/34         预约/预借

序号 登录号 条形码 馆藏地/架位号 状态 备注
1 0341898   203418989   第二样本阅览室/ [索取号:TS881/34] 在馆    
2 0341899   203418998   第三借阅区/ [索取号:TS881/34] 在馆    
3 0341900   203419005   第三借阅区/ [索取号:TS881/34] 在馆    
唐山师范学院图书馆 欢迎您!
大连网信软件有限公司© 版权所有